000 00723nam a2200289Ia 4500
005 20260401125901.0
008 008 300114s9999 xx 000 0 eng d
020 _a9781282681323
037 _aEBOOK
040 _aCRL
040 _beng
040 _cCRL
041 _2eng
041 _aeng
084 _qCRL
100 _aVenkateshmurthy
_91233950
245 0 _aProgramming Techniques through C: A Beginner's Companion
250 _a1
260 _bPearson
260 _c2006
365 _b70840
650 _aFOT (Computer Sciene)
_91233944
856 _uhttps://admin.elibrary.in.pearson.com/api/1.0/org/24122025/launchlibrary
942 _cEBOOK
999 _c1847819
_d1847819